[Event "ICS rated blitz match, 208.196"]
[Site "ICS rated blitz match, 208.19"]
[Date "1997.??.??"]
[Round "?"]
[White "Brause"]
[Black "Gurz"]
[Result "1-0"]
[WhiteElo "2615"]
[BlackElo "1955"]
[PlyCount "345"]

1. e4 e6 2. d4 d5 3. c4 c6 4. Nc3 dxe4 5. Nxe4 Be7 6. Nf3 Nf6 7. Nxf6+ Bxf6
8. Be2 O-O 9. O-O Re8 10. Bf4 Nd7 11. Qd2 Nf8 12. Ne5 Ng6 13. Nxg6 hxg6
14. Rad1 b6 15. Bf3 Bb7 16. Qd3 Qc8 17. Qe4 Rd8 18. Rd2 Rd7 19. Qe3 Qe8
20. c5 Rad8 21. Bd6 Rxd6 22. cxd6 Rxd6 23. Rfd1 Qd7 24. Be4 a5
25. b3 Ba6 26. f4 Bb5 27. Bc2 Ba6 28. Kh1 Bb7 29. Be4 Ba6 30. Bf3 Bb5
31. a4 Ba6 32. Kg1 Bb7 33. Be4 Bd8 34. Bd3 Bc7 35. Bc2 Bb8 36. Be4 Ba6
37. Qc3 Bb7 38. Rc1 Ba7 39. Re1 Bb8 40. Red1 Ba7 41. Qe3 b5 42. Bf3 b4
43. Qe5 Qd8 44. Qe3 Qd7 45. Be4 Qd8 46. Kh1 Qd7 47. Bf3 Qd8 48. Qe5 Bb8
49. Qc5 Bc7 50. Qa7 Ba8 51. Qa6 Kf8 52. Be4 Kg8 53. Kg1 Kf8 54. Qe2 Bb7
55. Qf2 Bb6 56. Qe3 Kg8 57. Bf3 Qd7 58. Kh1 Qd8 59. Qe5 Qd7 60. Qe4 Qd8
61. Kg1 Qd7 62. h3 Qd8 63. Qe5 Qd7 64. Kh1 Qd8 65. Kh2 Qd7 66. Kg1 Qd8
67. Qe3 Qd7 68. Kh2 Qd8 69. Be4 Qd7 70. Qf2 Qd8 71. Kg1 Qd7 72. Kh1 Qd8
73. Qe3 Qd7 74. Bf3 Qd8 75. Qe5 Qd7 76. Qe4 Qd8 77. Kg1 Qd7 78. Kh2 Qd8
79. Qe3 Qd7 80. Kg1 Qc7 81. Be4 Qd8 82. g3 Qd7 83. Bg2 Qd8 84. Qe5 Qd7
85. Kh2 Qd8 86. Kh1 Qd7 87. Kg1 Qd8 88. Bf3 Qd7 89. Bh1 Qd8 90. Kh2 Qd7
91. Qe3 Qd8 92. Bf3 Qd7 93. Bg2 Qd8 94. Kh1 Qd7 95. Qe4 Qd8 96. Kg1 Qd7
97. Kh2 Qd8 98. Qe5 Qd7 99. h4 Qd8 100. Kg1 Qe7 101. Kh2 Qd8 102. Kh1 Qe7
103. Kg1 Qd8 104. Bh1 Qe7 105. Bf3 Qd8 106. Qe4 Qe7 107. Bg2 Qd8
108. Qe3 Qe7 109. Bh1 Qd8 110. Be4 Qe7 111. Bf3 Qd8 112. Kh1 Qe7
113. Bg2 Qd8 114. Kh2 Qd7 115. Qe4 Qd8 116. Qe5 Qd7 117. Bh1 Qd8
118. Bf3 Qd7 119. Qe4 Qd8 120. Kh1 Qd7 121. Bg2 Qd8 122. Kg1 Qd7
123. Bh1 Qd8 124. Kh2 Qd7 125. Qe3 Qd8 126. Be4 Qd7 127. Bg2 Qd8
128. Qf2 Qd7 129. Kg1 Qd8 130. Kh1 Qd7 131. Qg1 Qd8 132. Qe3 Qd7
133. Qf2 Qd8 134. Be4 Qd7 135. Bf3 Qd8 136. Qg1 Qd7 137. Kh2 Qd8
138. Qf2 Qd7 139. Kg1 Qd8 140. Bg2 Qd7 141. Bh1 Qd8 142. Qe3 Qd7
143. Kf2 Qd8 144. Qe5 Qd7 145. Bg2 Qd8 146. Qe4 Qd7 147. Qe3 Qd8
148. Bf3 Qd7 149. h5 gxh5 150. Bxh5 Qd8 151. Kg1 Qd7 152. Bf3 Qd8
153. Bg2 g6 154. Qe5 Qd7 155. Kh2 Qd8 156. Kh1 Qd7 157. Qe4 Qd8
158. Qe3 Qf6 159. Qe5 Qd8 160. Bf3 f6 161. Qe4 Kg7 162. Bg2 Qh8+
163. Kg1 Qd8 164. Qe3 Qe8 165. Kh2 Qh8+ 166. Bh3 Bc8 167. Kg2 Qd8
168. Kg1 Bb7 169. Bxe6 Qh8 170. Qe4 Qd8 171. Bh3 Bc8 172. Bxc8 Qxc8
173. Qe7+ 1-0

[Event "ICS rated blitz match, 208.196"]
[Site "ICS rated blitz match, 208.19"]
[Date "1997.??.??"]
[Round "?"]
[White "Brause"]
[Black "TheLoser"]
[Result "1-0"]
[WhiteElo "2610"]
[BlackElo "2345"]
[PlyCount "23"]

1. e4 e6 2. d4 d5 3. c4 dxe4 4. Nc3 Nf6 5. f3 Nc6 6. Be3 Bb4 7. a3 Bxc3+
8. bxc3 Ne7 9. fxe4 Nxe4 10. Qg4 Nf6 11. Qxg7 Nf5 12. Qxh8+ 1-0

[Event "ICS rated blitz match, 208.196"]
[Site "ICS rated blitz match, 208.19"]
[Date "1997.??.??"]
[Round "?"]
[White "Brause"]
[Black "DNAgene"]
[Result "1-0"]
[WhiteElo "2610"]
[BlackElo "2185"]
[PlyCount "101"]

1. e4 e6 2. d4 d5 3. c4 dxe4 4. Nc3 Nf6 5. f3 exf3 6. Nxf3 b6 7. Bg5 Be7
8. Bd3 Bb7 9. O-O Nbd7 10. Qe2 h6 11. Bf4 O-O 12. Nb5 Ne8 13. Rae1 a6
14. Nc3 Bd6 15. Bxd6 cxd6 16. Be4 Bxe4 17. Qxe4 Nef6 18. Qc6 Qb8
19. Nd2 Rc8 20. Qa4 Qc7 21. Re3 Qc6 22. Qxc6 Rxc6 23. d5 exd5 24. cxd5 Rcc8
25. Nde4 Nxe4 26. Nxe4 Re8 27. Ree1 Nf6 28. Nxf6+ gxf6 29. Rxe8+ Rxe8
30. Rxf6 Re2 31. Rxh6 Rxb2 32. Rxd6 a5 33. a4 Rd2 34. Rxb6 Rxd5
35. Rb5 Rd2 36. Rxa5 Ra2 37. h4 Kg7 38. Kh2 Ra3 39. g4 Kg6 40. Ra6+ Kg7
41. a5 Kh7 42. h5 Kg7 43. h6+ Kh7 44. g5 Kg8 45. Ra8+ Kh7 46. Rf8 Rxa5
47. Rxf7+ Kg8 48. Rg7+ Kh8 49. Kg3 Ra3+ 50. Kg4 Rg3+ 51. Kf5 1-0

[Event "ICS rated blitz match, 208.196"]
[Site "ICS rated blitz match, 208.19"]
[Date "1997.??.??"]
[Round "?"]
[White "Brause"]
[Black "storm"]
[Result "1-0"]
[WhiteElo "2605"]
[BlackElo "2105"]
[PlyCount "89"]

1. e4 e6 2. d4 d5 3. c4 dxe4 4. Nc3 Nf6 5. f3 Bb4 6. Qa4+ Nc6 7. a3 Bxc3+
8. bxc3 Bd7 9. Qc2 exf3 10. Nxf3 O-O 11. Bd3 h6 12. O-O b6 13. Bf4 Na5
14. Ne5 Nc6 15. Bxh6 gxh6 16. Rxf6 Qxf6 17. Nxd7 Qg5 18. Nxf8 Rxf8
19. Qe2 Ne7 20. Rf1 Ng6 21. Be4 Kg7 22. Qf2 f5 23. Bc2 Rf6 24. Qe2 Nh4
25. Kh1 Rg6 26. g3 Nf3 27. Qxf3 Qd2 28. Ba4 Rg5 29. Qc6 Qe2 30. Qxc7+ Kf8
31. Qb8+ Ke7 32. Qxa7+ Kf6 33. Rf4 Rh5 34. h4 Qe1+ 35. Kg2 Qe2+
36. Rf2 Qe4+ 37. Kh2 Rxh4+ 38. gxh4 Qxh4+ 39. Kg2 Qg4+ 40. Kf1 Qh3+
41. Ke1 Qe3+ 42. Re2 Qxc3+ 43. Rd2 Qa1+ 44. Bd1 Qxa3 45. Qxa3 1-0

[Event "ICS rated blitz match, 208.196"]
[Site "ICS rated blitz match, 208.19"]
[Date "1997.??.??"]
[Round "?"]
[White "Brause"]
[Black "storm"]
[Result "0-1"]
[WhiteElo "2605"]
[BlackElo "2105"]
[PlyCount "146"]

1. e4 e6 2. d4 d5 3. c4 dxe4 4. Nc3 c5 5. d5 Nf6 6. Bg5 Be7 7. d6 Qxd6
8. Qxd6 Bxd6 9. Bxf6 gxf6 10. Nxe4 Be5 11. O-O-O b6 12. Nf3 Bf4+
13. Nfd2 f5 14. Nf6+ Ke7 15. Nh5 Bh6 16. Be2 Bb7 17. Rhg1 Nc6 18. f4 Nd4
19. Rde1 Rhg8 20. g3 Rgd8 21. Bf1 Bf3 22. Nxf3 Nxf3 23. Bg2 Nxg1
24. Bxa8 Rxa8 25. Rxg1 Rd8 26. Kc2 Rd4 27. Kc3 Bf8 28. h3 f6 29. g4 fxg4
30. Rxg4 Bh6 31. Rh4 Bf8 32. Ng3 h6 33. Ne2 Re4 34. Kd3 f5 35. b3 Kf6
36. Ng3 Rd4+ 37. Ke3 Kg6 38. a4 Bd6 39. Ne2 Rd1 40. Nc3 Re1+ 41. Kf2 Rc1
42. Ne2 Rb1 43. Ng1 Rxb3 44. Nf3 Rb4 45. a5 Rxc4 46. axb6 axb6
47. Kg2 Rxf4 48. Rxf4 Bxf4 49. Ne1 c4 50. Kf3 Bd6 51. Ke3 e5 52. Ng2 b5
53. Kd2 Bc5 54. Kc3 f4 55. Nh4+ Kg5 56. Nf3+ Kf5 57. Nh2 e4 58. Kc2 f3
59. Kd1 Kf4 60. Ng4 e3 61. Nf6 f2 62. Ke2 c3 63. Nd5+ Kg3 64. Nxc3 Kg2
65. Kd3 f1=Q+ 66. Kc2 e2 67. Nxe2 Qxe2+ 68. Kc3 Qc4+ 69. Kd2 Kf3
70. Kd1 Qa2 71. h4 Ke3 72. Kc1 Kd3 73. Kd1 Qd2+ 0-1

[Event "ICS rated blitz match, 208.196"]
[Site "ICS rated blitz match, 208.19"]
[Date "1997.??.??"]
[Round "?"]
[White "Brause"]
[Black "AsMyKiss"]
[Result "1-0"]
[WhiteElo "2520"]
[BlackElo "2075"]
[PlyCount "141"]

1. e4 e6 2. d4 d5 3. c4 dxe4 4. Nc3 Nf6 5. f3 exf3 6. Nxf3 c5 7. d5 Be7
8. Bd3 O-O 9. O-O exd5 10. cxd5 a6 11. Bf4 Bd6 12. Bxd6 Qxd6 13. Qb3 b5
14. Qd1 Bg4 15. Qc2 b4 16. Na4 Nbd7 17. Rad1 Bxf3 18. Rxf3 Ne5
19. Rxf6 Qxf6 20. Bxh7+ Kh8 21. Be4 c4 22. d6 Rad8 23. Qe2 g6 24. Qd2 Qh4
25. Nc5 a5 26. Qd4 Qf6 27. Nb7 Rd7 28. Bc6 Rfd8 29. Bxd7 Rxd7 30. Nxa5 Kg7
31. a4 bxa3 32. bxa3 c3 33. Qxc3 Rxd6 34. Rxd6 Qxd6 35. Nc4 Qc5+
36. Qe3 Qxc4 37. Qxe5+ Kh7 38. Qe3 Qa2 39. Qe7 Kg7 40. h3 Kh6 41. Qh4+ Kg7
42. Qd4+ f6 43. a4 g5 44. Kh2 Qa3 45. Kg1 Qc1+ 46. Kf2 Qa3 47. Qd7+ Kg6
48. Qe8+ Kg7 49. Qb5 Kg6 50. a5 Qa2+ 51. Kf3 Qa3+ 52. Kg4 Qa2 53. Qf5+ Kg7
54. Kg3 Qa3+ 55. Kf2 Qa2+ 56. Kg1 Qa1+ 57. Kh2 Qa3 58. Qd5 Kh6
59. Kg1 Qa1+ 60. Kf2 Qb2+ 61. Kf3 Qa3+ 62. Ke4 Qb4+ 63. Kf5 Qf4+
64. Ke6 Kg6 65. Qd3+ Kg7 66. Qd7+ Kh6 67. Qd6 Qf1 68. Kf7 Kh7 69. a6 Qxg2
70. Qd3+ Kh6 71. Qg6+ 1-0

[Event "ICS rated blitz match, 164.58."]
[Site "ICS rated blitz match, 164.58"]
[Date "1997.??.??"]
[Round "?"]
[White "Brause"]
[Black "toast"]
[Result "1-0"]
[WhiteElo "2395"]
[BlackElo "2535"]
[PlyCount "49"]

1. e4 e6 2. d4 d5 3. c4 c6 4. Nc3 Nf6 5. cxd5 cxd5 6. Bb5+ Nfd7
7. exd5 a6 8. Bd3 Nf6 9. dxe6 Bxe6 10. Nf3 Nc6 11. O-O Bg4 12. Bg5 Bxf3
13. Qxf3 Be7 14. Rad1 O-O 15. Rfe1 Rb8 16. d5 Nd4 17. Qe3 Bc5 18. Ne4 b6
19. Nxf6+ gxf6 20. Qh3 f5 21. Bxd8 Rbxd8 22. Bxf5 Nxf5 23. Qxf5 Rd6
24. b4 Bxb4 25. Qg4+ 1-0

[Event "ICS rated blitz match, 164.58."]
[Site "ICS rated blitz match, 164.58"]
[Date "1997.??.??"]
[Round "?"]
[White "Brause"]
[Black "Hitchcock"]
[Result "1-0"]
[WhiteElo "2340"]
[BlackElo "2240"]
[PlyCount "65"]

1. e4 e6 2. d4 d5 3. c4 dxe4 4. Nc3 Nf6 5. f3 exf3 6. Nxf3 Be7
7. Bd3 O-O 8. O-O Nbd7 9. Bf4 c5 10. d5 exd5 11. cxd5 Re8 12. Nb5 Nb6
13. d6 Bf8 14. Nc7 Nbd5 15. Bxh7+ Kxh7 16. Nxd5 Nxd5 17. Ng5+ Kg8
18. Qxd5 Be6 19. Nxe6 Rxe6 20. Qxb7 Rb8 21. Qxa7 Bxd6 22. Bxd6 Qxd6
23. Qxf7+ Kh8 24. Rab1 Rh6 25. Qf4 Qb6 26. Rf2 Rd8 27. Rbf1 Rd4
28. Qe5 c4 29. Kh1 Rdh4 30. Rf8+ Kh7 31. Qf5+ Rg6 32. Qc8 Re6 33. Rh8+ 1-0

[Event "ICS Rated blitz match, 208.196"]
[Site "ICS Rated blitz match, 208.19"]
[Date "1997.??.??"]
[Round "?"]
[White "Brause"]
[Black "Puzzicat"]
[Result "1/2-1/2"]
[WhiteElo "2575"]
[BlackElo "2470"]
[PlyCount "146"]

1. e4 e6 2. d4 d5 3. c4 dxe4 4. Nc3 f5 5. Be2 Nf6 6. Be3 c6 7. Nh3 Be7
8. Bh5+ Nxh5 9. Qxh5+ g6 10. Qe2 Nd7 11. O-O e5 12. dxe5 Nxe5 13. Rfd1 Qc7
14. Bh6 Bd6 15. Bf4 Be6 16. Qe3 Nxc4 17. Bxd6 Nxd6 18. Nf4 Bf7
19. Qd4 O-O-O 20. Qxa7 Nc4 21. Qa8+ Qb8 22. Qxb8+ Kxb8 23. b3 Nb2
24. Rf1 Nd3 25. Nfe2 Rhe8 26. Rfd1 b5 27. Nc1 b4 28. N3e2 Ne5 29. Rf1 Rd2
30. Nf4 c5 31. Re1 Kc7 32. Rb1 g5 33. Nh3 h6 34. Rf1 Ng6 35. Kh1 Bd5
36. Ng1 Nf4 37. g3 e3+ 38. f3 Rf2 39. Re1 e2 40. gxf4 gxf4 41. Nd3 Rxf3
42. Nxf3 Bxf3+ 43. Kg1 Be4 44. Rxe2 Rg8+ 45. Kf2 Bxd3 46. Re7+ Kd6
47. Rbe1 Be4 48. R7xe4 fxe4 49. Rxe4 Rf8 50. Kf3 Kd5 51. h4 Rf5
52. a4 bxa3 53. Ra4 Rf8 54. Rxa3 h5 55. Ra5 Kd4 56. Rb5 Rf7 57. Rb8 Kc3
58. Rc8 Kxb3 59. Rxc5 Kb4 60. Rxh5 Kc4 61. Ra5 Kd4 62. Ra4+ Ke5
63. Re4+ Kd6 64. Rxf4 Rxf4+ 65. Kxf4 Ke6 66. Kg5 Kf7 67. h5 Kg8
68. Kg6 Kh8 69. Kh6 Kg8 70. Kg6 Kh8 71. Kf7 Kh7 72. Kf8 Kh6 73. Ke8 Kxh5
1/2-1/2

[Event "ICS Rated blitz match, 208.196"]
[Site "ICS Rated blitz match, 208.19"]
[Date "1997.??.??"]
[Round "?"]
[White "Brause"]
[Black "zalina"]
[Result "0-1"]
[WhiteElo "2560"]
[BlackElo "2260"]
[PlyCount "146"]

1. e4 e6 2. d4 d5 3. c4 dxe4 4. Nc3 Nf6 5. f3 Bb4 6. Qa4+ Nc6 7. a3 Ba5
8. Be3 Bxc3+ 9. bxc3 O-O 10. Qc2 exf3 11. Nxf3 Re8 12. Be2 e5 13. O-O exd4
14. Bxd4 Bg4 15. Qb2 Qe7 16. Bxf6 Qxe2 17. Qxb7 Bxf3 18. Rxf3 Qxc4
19. Rg3 Qc5+ 20. Kh1 Qf2 21. Rxg7+ Kf8 22. Rg1 Qxf6 23. Rxh7 Rad8
24. Qxc7 Re3 25. c4 Rxa3 26. Rh5 Ra1 27. h3 Rxg1+ 28. Kxg1 Qd4+
29. Kh2 a5 30. Kg3 Qd3+ 31. Kh2 Qd6+ 32. Qxd6+ Rxd6 33. c5 Rg6
34. Kg1 Ke7 35. Kf2 Ke6 36. g3 Ne5 37. Rh4 Nd3+ 38. Kf3 Nxc5 39. Rc4 Rg5
40. h4 Rd5 41. g4 a4 42. h5 a3 43. Rc2 Nb3 44. Re2+ Kf6 45. Ra2 Ra5
46. Kg3 Kg5 47. Kf3 f5 48. gxf5 Rxf5+ 49. Ke4 Ra5 50. h6 Ra4+ 51. Ke5 Kxh6
52. Kf6 Kh5 53. Kf5 Kh4 54. Ke6 Ra5 55. Kf7 Ra6 56. Ke7 Kg3 57. Kf7 Kf3
58. Ke7 Ke4 59. Re2+ Kd3 60. Ra2 Nc1 61. Ra1 Kc2 62. Rxa3 Rxa3
63. Ke6 Re3+ 64. Kd6 Nd3 65. Kc6 Kc3 66. Kd5 Re5+ 67. Kd6 Kd4 68. Kc6 Re6+
69. Kd7 Kd5 70. Kc7 Nc5 71. Kb8 Kc6 72. Ka7 Kc7 73. Ka8 Ra6+ 0-1

[Event "ICC 5 0 08/25/97, Internet Che"]
[Site "ICC 5 0 08/25/97, Internet Ch"]
[Date "1997.??.??"]
[Round "?"]
[White "Brause"]
[Black "DABA"]
[Result "1-0"]
[WhiteElo "2375"]
[BlackElo "2115"]
[PlyCount "75"]

1. e4 e6 2. d4 d5 3. c4 Nf6 4. f3 dxe4 5. Nc3 Bb4 6. Qa4+ Nc6 7. Be3 O-O 8.
O-O-O Bd7 9. Nxe4 Nxe4 10. fxe4 Be7 11. Qb3 Bg5 12. Nf3 Bxe3+ 13. Qxe3 a5 14.
d5 exd5 15. exd5 Nb4 16. Qb3 Bf5 17. Rd2 Re8 18. a3 Na6 19. Qb5 Nc5 20. Qxc5
Qf6 21. Qxc7 Rac8 22. Qf4 Re4 23. Qg3 Re3 24. Qg5 Rxa3 25. Rd4 Ra1+ 26. Kd2
Rb1
27. Qxf6 Rxb2+ 28. Kc3 Rc2+ 29. Kb3 gxf6 30. Rf4 Bg6 31. Rxf6 a4+ 32. Kxa4
Ra8+
33. Kb5 Kg7 34. Rf4 Rc8 35. Kb6 Rb2+ 36. Ka7 Rc5 37. g4 Ra5+ 38. Kb8 1-0

[Event "ICC 2 10 08/28/97, Internet Ch"]
[Site "ICC 2 10 08/28/97, Internet C"]
[Date "1997.??.??"]
[Round "?"]
[White "Brause"]
[Black "KnightC"]
[Result "0-1"]
[WhiteElo "2375"]
[BlackElo "2410"]
[PlyCount "69"]

1. e4 e6 2. d4 d5 3. c4 dxe4 4. Nc3 Nf6 5. f3 exf3 6. Nxf3 c5 7. d5 Na6 8. Be2
exd5 9. cxd5 Nc7 10. O-O Be7 11. Qa4+ Qd7 12. Qxd7+ Bxd7 13. Rd1 Bd6 14. Bg5
O-O-O 15. Bxf6 gxf6 16. Ne4 Bf5 17. Bd3 Bg6 18. Nxf6 Be7 19. Ng4 Nxd5 20. Nfe5
Nf4 21. Bc4 f5 22. Nf2 Bf6 23. Re1 Rhe8 24. Nxg6 Rxe1+ 25. Rxe1 hxg6 26. g3
Nd5
27. Re6 Bxb2 28. Rxg6 Ne3 29. Be6+ Kc7 30. Rh6 Bd4 31. Kh1 b5 32. Rh5 Rd6 33.
Rh7+ Kd8 34. Bg8 c4 35. Rb7 0-1

[Event "ICC 2 10 09/03/97, Internet Ch"]
[Site "ICC 2 10 09/03/97, Internet C"]
[Date "1997.??.??"]
[Round "?"]
[White "Brause"]
[Black "GorillaMonsun"]
[Result "1-0"]
[WhiteElo "2485"]
[BlackElo "2420"]
[PlyCount "44"]

1. e4 e6 2. d4 d5 3. c4 c5 4. cxd5 exd5 5. Nc3 dxe4 6. Bc4 Be6 7. Bxe6 fxe6 8.
Qh5+ g6 9. Qe5 Qf6 10. Nxe4 Qxe5 11. dxe5 Nc6 12. Nf3 Bg7 13. Nd6+ Kd7 14.
Nxb7
Nxe5 15. Nxc5+ Ke7 16. Ng5 Rc8 17. Ngxe6 Nf6 18. O-O Rhg8 19. Re1 Kd6 20. Bf4
Nd5 21. Rad1 Rxc5 22. Nxg7 Rxg7 1-0

[Event "ICC 2 10 09/03/97, Internet Ch"]
[Site "ICC 2 10 09/03/97, Internet C"]
[Date "1997.??.??"]
[Round "?"]
[White "Brause"]
[Black "GorillaMonsun"]
[Result "1-0"]
[WhiteElo "2495"]
[BlackElo "2405"]
[PlyCount "77"]

1. e4 e6 2. d4 d5 3. c4 dxe4 4. Nc3 Nf6 5. f3 exf3 6. Nxf3 Be7 7. Bd3 c5 8. d5
O-O 9. O-O exd5 10. cxd5 Bg4 11. Qb3 Qb6 12. Qxb6 axb6 13. Ne5 Nbd7 14. Nxg4
Nxg4 15. Bf5 Ngf6 16. Bf4 Rfd8 17. Rae1 Bf8 18. Bd3 Ne8 19. Bg5 f6 20. Bf4
Rac8
21. Bf5 Nd6 22. Be6+ Kh8 23. Na4 Rc7 24. Bxd7 Rcxd7 25. Nxb6 Re7 26. Rxe7 Bxe7
27. Re1 Bf8 28. g4 Re8 29. Rxe8 Nxe8 30. Nc8 g5 31. d6 Ng7 32. d7 Ne6 33. Bc7
c4 34. d8=Q Nxd8 35. Bxd8 Bc5+ 36. Kg2 Bd4 37. Nd6 b5 38. Nxb5 Bxb2 39. Nd6
1-0

[Event "ICC 2 10 09/03/97, Internet Ch"]
[Site "ICC 2 10 09/03/97, Internet C"]
[Date "1997.??.??"]
[Round "?"]
[White "Brause"]
[Black "GorillaMonsun"]
[Result "1/2-1/2"]
[WhiteElo "2510"]
[BlackElo "2395"]
[PlyCount "176"]

1. e4 e6 2. d4 d5 3. c4 dxe4 4. Nc3 Nf6 5. f3 exf3 6. Nxf3 Be7 7. Bd3 O-O 8.
O-O c5 9. d5 exd5 10. cxd5 Bg4 11. Qb3 Bxf3 12. Rxf3 Qb6 13. Qxb6 axb6 14. Bf4
Rd8 15. Bc7 Rd7 16. Bxb6 Nxd5 17. Nxd5 Rxd5 18. Bc4 Rd4 19. Bxf7+ Kh8 20. Re3
Nc6 21. Rae1 Rd7 22. Bc4 h6 23. R3e2 Rf8 24. Bb5 Bd6 25. Re6 Rf6 26. Rxf6 gxf6
27. Bxc6 bxc6 28. a4 Be5 29. a5 Bc7 30. Bxc7 Rxc7 31. Rc1 Rb7 32. Rxc5 Rxb2
33.
Rxc6 Kg7 34. Rc7+ Kg6 35. a6 Ra2 36. a7 h5 37. h3 Kg5 38. Kh2 h4 39. Rd7 f5
40.
Rf7 Kf4 41. Rg7 Ra1 42. Re7 Ra2 43. Rd7 Ra1 44. Rh7 Kg5 45. Re7 Kf4 46. Rd7
Ra2
47. Rh7 Kg5 48. Rg7+ Kf4 49. Rc7 Ra1 50. Rb7 Kg5 51. Rf7 Kf4 52. Rc7 Kg5 53.
Rc2 Rxa7 54. Kg1 Kf4 55. Rf2+ Kg5 56. Rd2 Kf4 57. Kf2 Ra3 58. Rc2 Kg5 59. Rb2
Kf4 60. Rb4+ Kg5 61. Rb7 Kf4 62. Rd7 Kg5 63. Rc7 Kf4 64. Rc4+ Kg5 65. Rc8 Kf4
66. Kg1 Kg3 67. Rg8+ Kf4 68. Kh2 Rb3 69. Rh8 Kg5 70. Rf8 Kf4 71. Rf6 Kg5 72.
Rc6 Kf4 73. Rc4+ Kg5 74. Rc2 Kf4 75. Rd2 Kg5 76. Kg1 Kf4 77. Rf2+ Kg5 78. Ra2
Kf4 79. Kf2 Kg5 80. Rd2 Kf4 81. Re2 Ra3 82. Re1 Ra2+ 83. Kg1 Rb2 84. Kh2 Ra2
85. Re8 Kg5 86. Rg8+ Kf4 87. Rh8 Kg5 88. Rd8 Kf4 1/2-1/2

[Event "ICC 2 10 09/04/97, Internet Ch"]
[Site "ICC 2 10 09/04/97, Internet C"]
[Date "1997.??.??"]
[Round "?"]
[White "Brause"]
[Black "imbecile"]
[Result "1-0"]
[WhiteElo "2530"]
[BlackElo "1960"]
[PlyCount "29"]

1. e4 e6 2. d4 d5 3. c4 dxe4 4. Nc3 Nf6 5. f3 exf3 6. Nxf3 Be7 7. Bd3 b6 8.
O-O
Bb7 9. Bf4 Nbd7 10. Nb5 O-O 11. Bxc7 Qc8 12. Qe2 a6 13. Bd6 Bxd6 14. Nxd6 Bc6
15. Nxc8 1-0

[Event "ICC 2 10 09/04/97, Internet Ch"]
[Site "ICC 2 10 09/04/97, Internet C"]
[Date "1997.??.??"]
[Round "?"]
[White "Brause"]
[Black "imbecile"]
[Result "1-0"]
[WhiteElo "2530"]
[BlackElo "1960"]
[PlyCount "45"]

1. e4 e6 2. d4 d5 3. c4 dxe4 4. Nc3 Nf6 5. f3 exf3 6. Nxf3 b6 7. Bg5 Nbd7 8.
Bd3 Bb7 9. O-O Be7 10. Qe2 h6 11. Bf4 a6 12. Rae1 c6 13. a3 O-O 14. Rd1 Re8
15.
Ne4 Nxe4 16. Bxe4 Nf6 17. Bc2 Qd7 18. Ne5 Qd8 19. Qf3 Qc8 20. Bxh6 c5 21. Qg3
Bf8 22. Rxf6 Kh8 23. Bxg7+ 1-0

[Event "ICC 2 12 09/04/97, Internet Ch"]
[Site "ICC 2 12 09/04/97, Internet C"]
[Date "1997.??.??"]
[Round "?"]
[White "Brause"]
[Black "Qzzq"]
[Result "1-0"]
[WhiteElo "2530"]
[BlackElo "2460"]
[PlyCount "51"]

1. e4 e6 2. d4 d5 3. c4 dxe4 4. Nc3 f5 5. f3 exf3 6. Nxf3 Nf6 7. Be2 c5 8. O-O
cxd4 9. Nxd4 Bc5 10. Be3 Nc6 11. Nxf5 Bxe3+ 12. Nxe3 Qb6 13. Qd2 O-O 14. Rad1
e5 15. Ncd5 Nxd5 16. Qxd5+ Be6 17. Qxe6+ Kh8 18. Rxf8+ Rxf8 19. c5 Qxc5 20.
Qb3
Nd4 21. Qc4 Qb6 22. Rf1 Rd8 23. Bd3 Nc6 24. Qe4 g6 25. Rf7 Rd4 26. Rxh7+ 1-0

[Event "ICC 2 12 09/04/97, Internet Ch"]
[Site "ICC 2 12 09/04/97, Internet C"]
[Date "1997.??.??"]
[Round "?"]
[White "Brause"]
[Black "Solak"]
[Result "1-0"]
[WhiteElo "2535"]
[BlackElo "2055"]
[PlyCount "97"]

1. e4 e6 2. d4 d5 3. c4 dxe4 4. Nc3 Nf6 5. f3 Bb4 6. Qa4+ Nc6 7. a3 Bxc3+ 8.
bxc3 O-O 9. Bg5 exf3 10. Nxf3 h6 11. Bf4 Bd7 12. Qb3 b6 13. Bd3 Nh5 14. Be3 e5
15. O-O exd4 16. cxd4 Re8 17. Rae1 Nf6 18. d5 Ne5 19. Nxe5 Rxe5 20. Qc3 Qe7
21.
Bxb6 axb6 22. Qxe5 Qxe5 23. Rxe5 Rxa3 24. Rd1 Rc3 25. Bf1 Ne8 26. Re7 Ba4 27.
Rde1 Kf8 28. R1e5 Rc2 29. Be2 Rc1+ 30. Kf2 Rc2 31. Ke3 Rc1 32. Kd3 Rg1 33. Bf3
Rh1 34. h3 g5 35. Kc3 Rb1 36. Bh5 Nd6 37. Rxc7 Rc1+ 38. Kb4 Bb5 39. Be2 Rb1+
40. Kc3 Rc1+ 41. Kb3 Be8 42. g4 Rb1+ 43. Kc2 Rh1 44. Re3 Ba4+ 45. Kc3 Be8 46.
Kd4 Ba4 47. Ke5 Ne8 48. Rb7 Rb1 49. d6 1-0

[Event "ICC 5 3 09/05/97, Internet Che"]
[Site "ICC 5 3 09/05/97, Internet Ch"]
[Date "1997.??.??"]
[Round "?"]
[White "Brause"]
[Black "Bergsson"]
[Result "1-0"]
[WhiteElo "2495"]
[BlackElo "2420"]
[PlyCount "53"]

1. e4 e6 2. d4 d5 3. c4 dxe4 4. Nc3 Nc6 5. Be3 Nf6 6. f3 exf3 7. Nxf3 Bb4 8.
Be2 O-O 9. O-O Bd7 10. Qd3 h6 11. Ne5 Be8 12. Nf3 Ne7 13. Rad1 Nf5 14. Bf4 Bd6
15. Ne5 Nd7 16. Ne4 Nxe5 17. dxe5 Be7 18. Qc3 Qc8 19. Bd3 Bc6 20. Nf6+ gxf6
21.
Bxf5 Bc5+ 22. Kh1 exf5 23. Bxh6 Kh7 24. Bxf8 Qxf8 25. Rxf5 Qg7 26. Qh3+ Kg8
27.
exf6 1-0

[Event "ICC 2 12 09/05/97, Internet Ch"]
[Site "ICC 2 12 09/05/97, Internet C"]
[Date "1997.??.??"]
[Round "?"]
[White "Brause"]
[Black "Qzzq"]
[Result "0-1"]
[WhiteElo "2400"]
[BlackElo "2355"]
[PlyCount "127"]

1. e4 e6 2. d4 d5 3. c4 dxe4 4. Nc3 f5 5. Be2 Nf6 6. Nh3 c6 7. O-O Bd6 8. Bh5+
g6 9. Be2 Qc7 10. g3 e5 11. Bh6 Nbd7 12. Ng5 exd4 13. Ne6 Qb6 14. Na4 Qa5 15.
Nxd4 Kf7 16. Nc3 Be5 17. Rc1 Rd8 18. Nb3 Qc7 19. Qc2 a5 20. a3 a4 21. Nd2 Nc5
22. Rfe1 Be6 23. Red1 Nd3 24. Rb1 Bd4 25. Be3 Bxe3 26. fxe3 Qb6 27. Nf1 Bxc4
28. Nxe4 Bb3 29. Ng5+ Kg8 30. Qc3 Bxd1 31. Rxd1 Ne4 32. Qc4+ Rd5 33. Nxe4 fxe4
34. Qxe4 Nc5 35. Qc4 Ne6 36. Rxd5 cxd5 37. Qxd5 Rd8 38. Qe4 Qc6 39. Qb4 Ng5
40.
Bc4+ Kg7 41. h4 Nf3+ 42. Kf2 Qe4 43. Qc3+ Ne5 44. Kg1 Qxc4 45. Qxe5+ Kf7 46.
h5
Rd1 47. hxg6+ hxg6 48. Qf4+ Qxf4 49. exf4 Rb1 50. g4 Rxb2 51. Ng3 Rb3 52. Ne4
Rxa3 53. Kf2 Ra2+ 54. Ke3 Rb2 55. Kd3 a3 56. Nc3 a2 57. Nxa2 Rxa2 58. Ke4 Rc2
59. Kd3 Rc8 60. f5 g5 61. Kd4 b5 62. Ke4 b4 63. Kf3 b3 64. Ke4 0-1

[Event "ICC 2 12 09/05/97, Internet Ch"]
[Site "ICC 2 12 09/05/97, Internet C"]
[Date "1997.??.??"]
[Round "?"]
[White "Brause"]
[Black "Qzzq"]
[Result "1-0"]
[WhiteElo "2390"]
[BlackElo "2375"]
[PlyCount "91"]

1. e4 e6 2. d4 d5 3. c4 dxe4 4. Nc3 f5 5. f3 exf3 6. Nxf3 Nf6 7. Be2 c6 8. O-O
Be7 9. Qd3 O-O 10. Bf4 Na6 11. Qd2 Bd7 12. Ne5 c5 13. d5 Bc8 14. Rad1 exd5 15.
cxd5 Bd6 16. Bxa6 bxa6 17. Nc4 Bxf4 18. Qxf4 Bd7 19. Rf2 Qb8 20. Ne5 Qb6 21.
Re1 Rae8 22. Rfe2 Qd6 23. Ng6 Rxe2 24. Rxe2 Qxf4 25. Nxf4 c4 26. Ne6 Rc8 27.
Kf2 g6 28. Kf3 Kf7 29. Ng5+ Kf8 30. Ke3 h6 31. Nf3 Re8+ 32. Kd4 Rxe2 33. Nxe2
g5 34. Nc3 Ke7 35. Kxc4 Kd6 36. Kd4 Ng4 37. h3 Nf6 38. Ne5 Be8 39. Nc4+ Ke7
40.
Ke5 f4 41. d6+ Kf7 42. Nd5 Nd7+ 43. Kd4 Kg6 44. Nc7 Bf7 45. Ne5+ Nxe5 46. Kxe5
1-0

[Event "ICC 2 12 09/05/97, Internet Ch"]
[Site "ICC 2 12 09/05/97, Internet C"]
[Date "1997.??.??"]
[Round "?"]
[White "Brause"]
[Black "MeWithMyself"]
[Result "1-0"]
[WhiteElo "2410"]
[BlackElo "2080"]
[PlyCount "75"]

1. e4 e6 2. d4 d5 3. c4 dxe4 4. Nc3 Nf6 5. f3 exf3 6. Nxf3 c5 7. d5 Be7 8. Be2
O-O 9. O-O exd5 10. cxd5 a6 11. Bf4 Bd6 12. Bg5 Be7 13. Re1 b5 14. Bf4 Bd6 15.
Bg5 Be7 16. Qd2 b4 17. Bxf6 Bxf6 18. Ne4 Bb7 19. Nxf6+ Qxf6 20. Bc4 Nd7 21. b3
Rad8 22. Rad1 Nb6 23. Re5 Rfe8 24. Rde1 Rxe5 25. Rxe5 h6 26. Qd3 Nxc4 27. bxc4
a5 28. Qe3 Ba6 29. Qxc5 Rc8 30. Qxa5 Rxc4 31. Re1 Qd6 32. Qa4 Kh7 33. Qd1 Rc3
34. Qd4 Rd3 35. Qe4+ g6 36. Ne5 Qxd5 37. Nxd3 Qxd3 38. Qxb4 1-0

[Event "gics rated blitz game, gics, K"]
[Site "gics rated blitz game, gics, "]
[Date "1997.??.??"]
[Round "?"]
[White "Brause"]
[Black "jonh"]
[Result "1-0"]
[WhiteElo "2340"]
[BlackElo "2200"]
[PlyCount "47"]

1. e4 e6 2. d4 d5 3. c4 dxe4 4. Nc3 Bb4 5. Be3 Nf6 6. Qc2 O-O 7. O-O-O Bxc3 8.
Qxc3 b6 9. Be2 Bb7 10. g4 Nbd7 11. g5 Ne8 12. Nh3 a5 13. Kb1 a4 14. Qa3 Nd6
15.
Rd2 Re8 16. Rhd1 Ba6 17. Rc2 Qe7 18. Re1 Bb7 19. c5 Bd5 20. cxd6 cxd6 21. Rc7
Rec8 22. Rxc8+ Rxc8 23. Rd1 Rb8 24. Bf4 1-0